عرض عادي
عرض مارك
- العالم
دخول Topical Term
001 - CONTROL NUMBER
- control field: 28222
003 - CONTROL NUMBER IDENTIFIER
- control field: AE-AdECS
005 - DATE AND TIME OF LATEST TRANSACTION
- control field: 20260330102244.0
008 - FIXED-LENGTH DATA ELEMENTS
- fixed length control field: 260330|| aca||aabn | a|a d
040 ## - CATALOGING SOURCE
- Original cataloging agency: AE-AdECS
- Transcribing agency: AE-AdECS
150 ## - HEADING--TOPICAL TERM
- Topical term or geographic name entry element: العالم
- General subdivision: الأحوال السياسية
670 ## - SOURCE DATA FOUND
- Source citation: Work cat.: (AE-AdECS)294637: آل طويرش، موسى محمد، مؤلف. 24665, العالم المعاصر بين حربين :
